000 01524nam a2200409 i 4500
001 33624
003 FINmELB
005 20241216220834.0
006 m o d |
007 cr cnu||||||||
008 171027s2013 sp a ob 000 0 spa d
020 _a9788436829228
_q(e-book)
035 _a(OCoLC)935744090
040 _aFINmELB
_bspa
_erda
_cFINmELB
050 4 _aLB1065
_bG215 2013
080 _a159.952-053.2
082 0 _a155.413733
_223
100 1 _aGarcía Sevilla, Julia.
245 1 0 _aCómo mejorar la atención del niño /
_cJulia García Sevilla.
264 1 _aMadrid :
_bEdiciones Pirámide,
_c2013.
300 _a1 recurso en línea (212 páginas) :
_bilustraciones
336 _atexto
_btxt
_2rdacontent/spa
337 _acomputadora
_bc
_2rdamedia/spa
338 _arecurso en línea
_bcr
_2rdacarrier/spa
490 1 _aOjos solares. Sección Tratamiento
504 _aContiene bibliografía.
588 _aDescripción basada en metadatos suministrados por el editor y otras fuentes.
590 _aRecurso electrónico. Santa Fe, Arg.: elibro, 2020. Disponible vía World Wide Web. El acceso puede estar limitado para las bibliotecas afiliadas a elibro.
650 0 _aAttention in children.
650 4 _aPsicología del niño.
655 4 _aLibros electrónicos.
797 2 _aelibro, Corp.
830 0 _aOjos solares. Sección Tratamiento.
856 4 0 _uhttps://elibro.net/ereader/politecnicointernacional/114704
999 _c33624
_d33624